[Event "FRA-chT3 0405"]
[Site "France"]
[Date "2005.01.09"]
[Round "4.8"]
[White "Le Gallais, Roger"]
[Black "Guerch, Alain"]
[Result "0-1"]
[WhiteElo "1350"]
[BlackElo "1499"]
[PlyCount "72"]
[EventDate "2004.10.10"]
[EventType "team"]
[EventRounds "9"]
[EventCountry "FRA"]
[SourceTitle "EXT 2007"]
[Source "ChessBase"]
[SourceDate "2006.11.23"]
[SourceVersion "1"]
[SourceVersionDate "2006.11.23"]
[SourceQuality "1"]

1. Nf3 d5 2. d4 Bf5 3. e3 Nf6 4. Bd3 Bg6 5. 0-0 e6 6. b3 Nc6 7. a3 Bd6 8. c4 a6 9. c5 Be7 10. b4 0-0 11. Re1 Bh5 12. Nbd2 b6 13. cxb6 cxb6 14. Nf1 Bd6 15. Ng3 Bxg3 16. fxg3 Ne4 17. Rf1 Ne7 18. Qc2 Rc8 19. Qb1 Bg6 20. Ne5 Nc3 21. Qc2 Bxd3 22. Qxd3 b5 23. Bd2 Na4 24. Rab1 f6 25. Nf3 Nf5 26. g4 Nd6 27. g5 Ne4 28. gxf6 Nxf6 29. Ng5 Ne4 30. Nxe6 Rxf1+ 31. Qxf1 Qe8 32. Qf5 Nxd2 33. Re1 Nc3 34. Ng5 Ne2+ 35. Rxe2 Rc1+ 36. Kf2 Rf1+ 0-1